LEADER 02670oam 2200637Ia 450 001 9910711614303321 005 20181218121859.0 035 $a(CKB)5470000002485922 035 $a(OCoLC)808679487$z(OCoLC)809473489 035 $a(EXLCZ)995470000002485922 100 $a20120829e19901874 ua 0 101 0 $aeng 135 $aurbn||||||||| 181 $ctxt$2rdacontent 182 $cc$2rdamedia 183 $acr$2rdacarrier 200 10$aEngineers and irrigation $ereport of the Board of Commissioners on the Irrigation of the San Joaquin, Tulare, and Sacramento Valleys of the State of California, 1873 /$fannotated and with an introduction by W. Turrentine Jackson, Rand F. Herbert, Stephen R. Wee 210 1$aFort Belvoir, Va. :$cOffice of History, U.S. Army Corps of Engineers,$d1990. 215 $a1 online resource (vii, 179 pages) $cillustrations, maps 225 1 $aEngineer historical studies ;$vnumber 5 225 1 $aEP ;$v870-1-39 300 $a"August 1990"--Page 4 of cover. 300 $aOriginally published: Report of the Board of Commissioners on the Irrigation of the San Joaquin, Tulare, and Sacramento Valleys of the State of California / B.S. Alexander, George H. Mendell, George Davidson. Washington : G.P.O., 1874. 300 $aOnline version lacks scan of folded map from inside back cover. 320 $aIncludes bibliographical references (pages 165-174) and index. 517 $aEngineers and irrigation 606 $aIrrigation$zCalifornia$zSan Joaquin Valley 606 $aIrrigation$zCalifornia$zTulare Lake Region 606 $aIrrigation$zCalifornia$zSacramento Valley 606 $aIrrigation$2fast 607 $aCalifornia$zSacramento Valley$2fast 607 $aCalifornia$zSan Joaquin Valley$2fast 607 $aCalifornia$zTulare Lake Region$2fast 615 0$aIrrigation 615 0$aIrrigation 615 0$aIrrigation 615 7$aIrrigation. 676 $a333.91/3/097948 701 $aAlexander$b B. S$g(Barton Stone),$f1819-1878.$01415378 701 $aMendell$b George H$g(George Henry),$f1831-1902.$01415379 701 $aDavidson$b George$f1825-1911.$0815104 701 $aJackson$b W. Turrentine$g(William Turrentine),$f1915-2000.$01415380 701 $aHerbert$b Rand F$01415381 701 $aWee$b Stephen R$01415382 712 02$aUnited States.$bArmy.$bCorps of Engineers.$bOffice of History. 801 0$bOCLCE 801 1$bOCLCE 801 2$bOCLCO 801 2$bOCLCQ 801 2$bOCLCF 801 2$bOCLCQ 801 2$bGPO 906 $aBOOK 912 $a9910711614303321 996 $aEngineers and irrigation$93517213 997 $aUNINA LEADER 03516nam 22004693 450 001 9910915797103321 005 20231023084510.0 010 $a2-7598-3164-7 024 7 $a10.1051/978-2-7598-3164-7 035 $a(CKB)28305318100041 035 $a(MiAaPQ)EBC30800175 035 $a(Au-PeEL)EBL30800175 035 $a(PPN)273095528 035 $a(DE-B1597)671781 035 $a(DE-B1597)9782759831647 035 $a(EXLCZ)9928305318100041 100 $a20231023d2023 uy 0 101 0 $aeng 135 $aurcnu|||||||| 181 $ctxt$2rdacontent 182 $cc$2rdamedia 183 $acr$2rdacarrier 200 10$aOptimization Techniques I $eContinuous Optimization 205 $a1st ed. 210 1$aLes Ulis :$cEDP Sciences,$d2023. 210 4$dİ2023. 215 $a1 online resource (484 pages) 225 1 $aCurrent Natural Sciences Series 311 $a9782759831623 327 $tFrontmatter -- $tPreface -- $tIntroduction -- $tTable of contents -- $t1. Continuous optimization -- $tIntroduction -- $t1.1 Formulation -- $t1.2 Numerical derivatives -- $t1.3 Problem reduction -- $t1.4 Global optimum -- $t1.5 Local optimum -- $t1.6 Conclusion -- $t2. Gradient-free optimization -- $tIntroduction -- $t2.1 Difficult optimization -- $t2.2 One-dimensional optimization -- $t2.3 DIRECT method -- $t2.4 Nelder-Mead method -- $t2.5 Affine shaker -- $t2.6 CMAES -- $t2.7 Simulated annealing -- $t2.8 Research with tabu -- $t2.9 Particle swarms -- $t2.10 Ant colonies -- $t2.11 Evolutionary algorithms -- $t2.12 Conclusion -- $t3. Unconstrained optimization -- $tIntroduction -- $t3.1 Newton?s method -- $t3.2 Quasi-Newton methods -- $t3.3 Line search -- $t3.4 Trust region -- $t3.5 Proximal methods -- $t3.6 Convergence -- $t3.7 Conclusion -- $t4. Constrained optimization -- $tIntroduction -- $t4.1 Classification of methods -- $t4.2 Penalization -- $t4.3 Reduced gradient -- $t4.4 Sequential quadratic programming -- $t4.5 Interior point -- $t4.6 Augmented Lagrangian -- $t4.7 Conclusion -- $t5. Linear programming -- $tIntroduction -- $t5.1 Simplex -- $t5.2 Interior point -- $t5.3 Conclusion -- $tIndex -- $tBibliography 330 $aThis book in two volumes provides an overview of continuous, discrete and functional optimization techniques. This first volume is devoted to continuous optimization, which deals with problems with real variables, without or with constraints. After a reminder of the optimality conditions and their geometrical interpretation, the topics covered are:-gradient-free algorithms that can be applied to any type of function;-unconstrained algorithms based on Newton-type descent methods;-algorithms with constraints: penalization, primal, dual and primal-dual methods;-linear programming with the simplex method and interior point methods. The emphasis is on understanding the principles rather than on mathematical rigor. Each concept or algorithm is accompanied by a detailed example to help you grasp the main ideas. This book is the result of 30 years of experience and is intended for students, researchers and engineers wishing to acquire a general knowledge in the field of optimization. 410 0$aCurrent Natural Sciences Series 606 $aMATHEMATICS / Applied$2bisacsh 615 7$aMATHEMATICS / Applied. 700 $aCerf$b Max$01775972 801 0$bMiAaPQ 801 1$bMiAaPQ 801 2$bMiAaPQ 906 $aBOOK 912 $a9910915797103321 996 $aOptimization Techniques I$94303374 997 $aUNINA